| 000 | 00481cam a2200169ua 4500 | ||
|---|---|---|---|
| 020 |
_a81 204 0808 x _c550.00 |
||
| 041 |
_aeng _h |
||
| 082 |
_a660.6 _bJIT/PL |
||
| 100 | _aJitendra prakash, . | ||
| 245 |
_aPlant biotechnology :commercial prospects and problems / _cJitendra prakash. _hTextual Documents |
||
| 260 |
_aNew Delhi : _bOxford & IBH Publishing company , _c1996. |
||
| 300 | _a ; . | ||
| 365 | _a550.00 | ||
| 504 | _a | ||
| 942 | _cBK | ||
| 999 |
_c3303 _d3303 |
||